[Event "WYb16"]
[Site "Kemer TUR"]
[Date "2007.11.21"]
[Round "4"]
[White "Valenzuela Gomez,F"]
[Black "Anastasijevic,M"]
[Result "1-0"]
[WhiteElo "2075"]
[BlackElo "1777"]

1.e4 c5 2.Nf3 Nc6 3.Bb5 e6 4.Bxc6 bxc6 5.d3 d5 6.Qe2 Be7 7.e5 Ba6 8.c4 Rb8
9.O-O h6 10.Nc3 Qa5 11.Nd2 h5 12.f3 h4 13.g4 hxg3 14.hxg3 Qd8 15.Kg2 Qd7
16.Re1 Qc7 17.b3 Rh7 18.Ba3 Bf8 19.Rh1 g6 20.Na4 Rb4 21.Bxb4 cxb4 22.f4 g5
23.Qe3  1-0

[Event "20th Belgrade Trophy"]
[Site "Belgrade SRB"]
[Date "2007.11.22"]
[Round "1"]
[White "Vujacic,Bo"]
[Black "Brakus,D"]
[Result "1-0"]
[WhiteElo "2346"]
[BlackElo "2010"]

1.e4 c5 2.Nf3 Nc6 3.Bb5 g6 4.Bxc6 bxc6 5.O-O Bg7 6.c3 Nf6 7.Re1 O-O 8.h3 a5
9.e5 Nd5 10.d4 cxd4 11.c4 Nc7 12.Qxd4 Ne6 13.Qh4 f6 14.Nc3 fxe5 15.Nxe5 Qc7
16.Nf3 Rxf3 17.gxf3 Nd4 18.Kg2 Bb7 19.Rxe7 Nf5 20.Qe4 Nxe7 21.Qxe7 Ba6 22.c5 Bf8
23.Qg5 Qd8 24.Ne4 Qxg5+ 25.Bxg5 Bg7 26.Rd1 Ra7 27.b3 a4 28.bxa4 Bc4 29.Rb1 Bd5
30.Rb8+ Kf7 31.Nd6+  1-0

[Event "WYg18"]
[Site "Kemer TUR"]
[Date "2007.11.22"]
[Round "5"]
[White "Yildiz,B"]
[Black "Nemcova,Kat"]
[Result "1/2-1/2"]
[WhiteElo "2220"]
[BlackElo "2255"]

1.e4 c5 2.Nf3 Nc6 3.Bb5 d6 4.O-O Bd7 5.Re1 a6 6.Bxc6 Bxc6 7.d4 cxd4 8.Nxd4 Bd7
9.c4 Rc8 10.Qd3 Nf6 11.Nc3 e6 12.Nc2 Be7 13.Bf4 Qc7 14.Rad1 e5 15.Bg5 Qxc4
16.Qd2 Rd8 17.Ne3 Qc8 18.Bxf6 Bxf6 19.Ncd5 Be6 20.Rc1 Qb8 21.Rc7 O-O 22.Nxf6+ gxf6
23.Rc3 Kh8 24.Nd5 Bxd5 25.Qh6 Rg8 26.Qxf6+ Rg7 27.exd5 Rg8 28.Rec1 Qd8 29.Qxd8 Rxd8
30.Rc8 Rxc8 31.Rxc8+ Rg8 32.Rc7 Rg4 33.Rxf7 b5 34.g3  1/2-1/2

[Event "WYb16"]
[Site "Kemer TUR"]
[Date "2007.11.22"]
[Round "6"]
[White "Kilpatrick,C"]
[Black "Rombaldoni,Ax"]
[Result "0-1"]
[WhiteElo "2189"]
[BlackElo "2399"]

1.e4 c5 2.Nf3 Nc6 3.Bb5 Qb6 4.Bxc6 Qxc6 5.Nc3 e6 6.d4 cxd4 7.Nxd4 Qc7 8.O-O a6
9.Re1 d6 10.a4 b6 11.Be3 Nf6 12.Nb3 Be7 13.a5 b5 14.Bb6 Qc6 15.Qe2 O-O 16.Rad1 Bb7
17.Nd4 Qc4 18.Rd3 b4 19.b3 Qc8 20.Na4 Bxe4 21.Re3 Bg6 22.c4 e5 23.f4 Ng4
24.Nc6 Qxc6 25.Qxg4 f5 26.Qd1 e4 27.Qd2 Rfe8 28.Rd1 Bf7 29.Qxb4 d5 30.cxd5 Bxd5
31.Qd4 Bf7 32.Rc3 Qb5 33.Rg3 g6 34.Nc3 Qxb3 35.Nxe4 Qc2 36.Nf2 Rad8 37.Bxd8 Bc5
38.Qd2 Qxd2  0-1

[Event "WYb16"]
[Site "Kemer TUR"]
[Date "2007.11.22"]
[Round "6"]
[White "Blum,N"]
[Black "Otegen,S"]
[Result "1-0"]
[WhiteElo "2224"]
[BlackElo "2000"]

1.e4 c5 2.Nf3 Nc6 3.Bb5 g6 4.O-O Bg7 5.c3 Nf6 6.Re1 O-O 7.h3 d6 8.d4 cxd4
9.cxd4 d5 10.e5 Ne4 11.Nc3 Nxc3 12.bxc3 Na5 13.a4 a6 14.Bd3 Bd7 15.Ba3 Rc8
16.Bb4 Nc4 17.Bxc4 Rxc4 18.Qb3 Bh6 19.Bc5 Bc6 20.Re2 Re8 21.Ne1 Qa5 22.Bb4 Qb6
23.a5 Qb5 24.Nd3 Bd7 25.Rb2 Rcc8 26.Nc5 Bc6 27.Qd1 e6 28.Na4 Qc4 29.Nb6 Qb5
30.Rbb1 Bd7 31.Nxc8 Rxc8 32.Bf8 Bxf8 33.Rxb5 Bxb5 34.Qd2 Rc4 35.g4 Be7 36.f4 Ra4
37.Rxa4 Bxa4 38.f5 Bb5 39.Kg2 Bc4 40.Qh6 Bd3 41.Qd2 Bc4 42.Kg3 Bf8 43.Qg5 Bb5
44.fxe6 fxe6 45.Qf6 Bd7 46.g5  1-0

[Event "WYb16"]
[Site "Kemer TUR"]
[Date "2007.11.22"]
[Round "6"]
[White "Qu Yanqiao"]
[Black "Reimanis,R"]
[Result "1/2-1/2"]
[WhiteElo "1953"]
[BlackElo "2147"]

1.e4 c5 2.Nf3 Nc6 3.Bb5 g6 4.Bxc6 dxc6 5.d3 Bg7 6.h3 e5 7.Be3 Qe7 8.Qd2 h6
9.Qc3 b6 10.b4 f5 11.bxc5 b5 12.a4 bxa4 13.Rxa4 Rb8 14.Na3 f4 15.Bd2 h5 16.Rb4 Rxb4
17.Qxb4 Nh6 18.Bc3 O-O 19.Nc4 Nf7 20.Na5 Qc7 21.Kd2 g5 22.Rb1 Ba6  1/2-1/2

[Event "WYb18"]
[Site "Kemer TUR"]
[Date "2007.11.22"]
[Round "6"]
[White "Rohit,G"]
[Black "Zaslavsky,M"]
[Result "1/2-1/2"]
[WhiteElo "2491"]
[BlackElo "2241"]

1.e4 c5 2.Nf3 Nc6 3.Bb5 g6 4.Bxc6 dxc6 5.d3 Bg7 6.h3 Nf6 7.Nc3 Nd7 8.Be3 e5
9.Qd2 h6 10.Nh2 Qe7 11.O-O-O Nf8 12.f4 exf4 13.Bxf4 Ne6 14.Bg3 Nd4 15.Rde1 Be6
16.Kb1 O-O 17.e5 c4 18.Ng4 cxd3 19.cxd3 Rfd8 20.Nf6+ Bxf6 21.exf6 Qf8 22.Bf4 Kh7
23.Rhf1 Rd6 24.Re4 Rad8 25.Qf2 Nf5 26.g4 Nd4 27.Ree1 Nb5 28.Ne4 Rxd3 29.Qh4 R8d5
30.Ng5+ Kg8 31.Rxe6 hxg5 32.Bxg5 Rd1+ 33.Rxd1 Rxd1+ 34.Kc2 Qd8 35.Re8+ Qxe8
36.Kxd1 Nd4 37.Qf2 Qe4 38.Bc1 Qd3+ 39.Qd2 Qf1+ 40.Qe1 Qf3+ 41.Kd2 Qxf6 42.Qe8+ Kg7
43.Qe4 c5 44.Kc3 b6 45.Be3 Nc6+ 46.Kb3 Qf1 47.a3 Na5+ 48.Ka2 Qxh3 49.Qe5+ Kh7
50.Qf4 Kg8 51.Qb8+ Kg7 52.Qe5+ Kh7 53.Qf4  1/2-1/2

[Event "ch-UKR Final"]
[Site "Kharkov UKR"]
[Date "2007.11.22"]
[Round "6"]
[White "Rogovski,V"]
[Black "Shishkin,Va UKR"]
[Result "1/2-1/2"]
[WhiteElo "2485"]
[BlackElo "2530"]

1.e4 c5 2.Nf3 Nc6 3.Bb5 g6 4.Bxc6 dxc6 5.d3 Bg7 6.Nbd2 b6 7.a4 a5 8.h3 e5
9.Nc4 f6 10.O-O Nh6 11.c3 Be6 12.b3 Nf7 13.Ba3 Bf8 14.d4 b5 15.axb5 cxb5
16.Ne3 b4 17.Bc1 bxc3 18.d5 Bd7 19.Nc4 Nd6 20.Nxd6+ Bxd6 21.Qd3 a4 22.bxa4 Qa5
23.Bh6 c4 24.Qxc4 Kf7 25.Be3 Rhc8 26.Qd3 Bxa4 27.Rab1 Rab8 28.Rxb8 Rxb8 29.Ra1 Bc2
30.Rxa5 Bxd3 31.Ra7+ Ke8 32.Rxh7 Rb1+ 33.Kh2 c2 34.Rh8+ Kd7 35.Rh7+ Be7 36.Nxe5+ fxe5
37.Bg5 Bxe4 38.Bxe7 Bxd5 39.Bg5+ Kd6 40.Rg7 Be4 41.f3 Bf5 42.g4 Be6 43.Rxg6 c1=Q
44.Bxc1 Rxc1 45.h4 Rc3 46.Kg2 Ke7 47.g5 Rc4 48.Kg3 Rf4 49.Rg7+ Rf7 50.Rxf7+ Kxf7
51.h5 Bf5 52.f4 e4 53.Kf2 Bg4 54.Ke3 Bxh5 55.Kxe4  1/2-1/2

[Event "American Open"]
[Site "Los Angeles USA"]
[Date "2007.11.23"]
[Round "4"]
[White "Khachiyan,M"]
[Black "Aradhyula,V"]
[Result "1/2-1/2"]
[WhiteElo "2506"]
[BlackElo "2129"]

1.e4 c5 2.Nf3 Nc6 3.Bb5 g6 4.Bxc6 dxc6 5.d3 Bg7 6.Nc3 Nf6 7.h3 Nd7 8.Be3 e5
9.Qd2 h6 10.O-O Qe7 11.a4 Nf8 12.a5 Ne6 13.Na4 Nd4 14.Nh2 Be6 15.Kh1 c4 16.Bxd4 exd4
17.f4 O-O-O 18.f5 gxf5 19.exf5 Bd5 20.Ng4 Qh4 21.Kg1  1/2-1/2

[Event "WYb14"]
[Site "Kemer TUR"]
[Date "2007.11.24"]
[Round "7"]
[White "Skoulakis,C"]
[Black "Lo Kin Mun,D"]
[Result "0-1"]
[WhiteElo "1953"]
[BlackElo "2151"]

1.e4 c5 2.Nf3 Nc6 3.Bb5 Na5 4.O-O a6 5.Be2 e6 6.d4 cxd4 7.Nxd4 d6 8.c4 Qc7
9.b3 Nf6 10.Nc3 b5 11.Be3 bxc4 12.bxc4 Be7 13.f3 O-O 14.Rc1 Bd7 15.Qd2 Nb7
16.Rfd1 Nc5 17.Nb3 Rfd8 18.Bf1 Rab8 19.Nxc5 dxc5 20.Qf2 Be8 21.Rxd8 Rxd8
22.Rd1 Rb8 23.Rb1 Rb4 24.a3 Rxb1 25.Nxb1 Qb6 26.Qc2 h6 27.Nd2 Bd6 28.Qb3 Qc7
29.g3 h5 30.f4 Ng4 31.e5 Be7 32.Bg2 Nxe3 33.Qxe3 Qb6 34.Qf3 Qb2 35.Qb7 Qxd2
36.Qxe7 Qd4+ 37.Kf1 Qxc4+ 38.Kf2 Qd4+ 39.Ke2 Bb5+ 40.Kf3 Qd3+ 41.Kf2 Qe2+
42.Kg1  0-1

[Event "WYb14"]
[Site "Kemer TUR"]
[Date "2007.11.24"]
[Round "7"]
[White "Arribas Lopez,A"]
[Black "Khachykian,D"]
[Result "0-1"]
[WhiteElo "2312"]
[BlackElo "2114"]

1.e4 c5 2.Nf3 Nc6 3.Bb5 g6 4.O-O Bg7 5.c3 Nf6 6.Re1 O-O 7.h3 d5 8.e5 Ne8
9.d4 cxd4 10.cxd4 Nc7 11.Ba4 Bd7 12.Nc3 Na5 13.Bc2 b5 14.b3 b4 15.Ne2 Nb5
16.Bd2 Nc6 17.Nf4 Nbxd4 18.Nxd4 Nxd4 19.Bxb4 Nc6 20.Nxd5 Nxb4 21.Nxb4 a5
22.Nd5 Bc6 23.Nf4 e6 24.Be4 Rc8 25.Bxc6 Rxc6 26.Qf3 Qc7 27.Nd3 Rc3 28.Qe4 Rd8
29.Rad1 Bf8 30.h4 Rd5 31.Nf4 Rxd1 32.Rxd1 Rc1 33.Re1 Bb4 34.Rxc1 Qxc1+ 35.Kh2 Qd2
36.Nd3 Qxa2 37.Nxb4 axb4 38.Qxb4 Qxf2 39.Qg4 Qe3 40.Qg3 Qd4 41.Qg5 Kg7 42.h5 Kf8
43.h6 Ke8 44.Qg3 Kd7 45.Kh3 Qd2 46.Qh4 Qe3+ 47.g3 Qxe5 48.b4 Qf5+ 49.Kg2 Qd5+
50.Kh3 Qh1+ 51.Kg4 Qxh4+ 52.Kxh4 f6 53.g4 Kc6 54.Kg3 g5  0-1

[Event "KNSB TCh-NED 2007-8"]
[Site "Netherlands NED"]
[Date "2007.11.24"]
[Round "4"]
[White "Bierenbroodspot,P"]
[Black "Middelburg,T"]
[Result "1/2-1/2"]
[WhiteElo "2249"]
[BlackElo "2398"]

1.e4 c5 2.Nf3 Nc6 3.Bb5 e6 4.O-O Nge7 5.c3 a6 6.Bxc6 Nxc6 7.d4 d5 8.exd5 Qxd5
9.c4 Qxc4 10.b3 Qd5 11.Nc3 Qh5 12.d5 Nb4 13.d6 Bd7 14.a3 Nd5 15.Ne4 Nf6 16.Nfg5 Qxd1
17.Rxd1 Nxe4 18.Nxe4 b6 19.b4 Bc6 20.f3 Rd8 21.bxc5 bxc5 22.Bf4 f6 23.Nxc5 e5
24.Be3 Rxd6 25.Rxd6 Bxd6 26.Nxa6 Ke7 27.Rc1 Bb5 28.Nc7 Bd7 29.Rc3 Rc8 30.Nd5+ Ke6
31.Rxc8 Bxc8 32.Nb4 Bd7 33.Kf2 g5 34.g3 h6 35.Bb6 f5 36.Ke3 Bb5 37.Ba7 Ba4
38.Bb6 Bd1 39.Kf2 h5 40.Be3 f4 41.Bb6 Kf5 42.gxf4 exf4 43.h3 Be7 44.Bd4 g4  1/2-1/2

[Event "WYb14"]
[Site "Kemer TUR"]
[Date "2007.11.25"]
[Round "8"]
[White "Petrovski,I"]
[Black "Halvax,G"]
[Result "0-1"]
[WhiteElo "1807"]
[BlackElo "2059"]

1.e4 c5 2.Nf3 Nc6 3.Bb5 g6 4.Bxc6 dxc6 5.O-O Bg7 6.d3 Nf6 7.Nbd2 Nd7 8.Nc4 Qc7
9.Re1 e5 10.Be3 b6 11.a3 O-O 12.Qc1 Ba6 13.Bh6 Bxc4 14.Bxg7 Kxg7 15.dxc4 Rfd8
16.Qe3 Nf8 17.Rad1 Ne6 18.c3 f6 19.g3 Qb7 20.b3 a6 21.Qc1 b5 22.cxb5 cxb5
23.Qe3 Qc6 24.Qe2 Rac8 25.Nh4 a5 26.Qg4 Ng5 27.Rd5 c4 28.b4 axb4 29.axb4 Rxd5
30.exd5 Qb7 31.f4 h5 32.Qe2 exf4 33.Qe7+ Qxe7 34.Rxe7+ Kh6 35.d6 fxg3 36.hxg3 Rd8
37.d7 f5 38.Kf2 Ne4+ 39.Ke3 Nf6 40.Re6 Kg7  0-1

[Event "ch-UKR Final"]
[Site "Kharkov UKR"]
[Date "2007.11.25"]
[Round "9"]
[White "Arzumanian,G"]
[Black "Shishkin,Va UKR"]
[Result "1/2-1/2"]
[WhiteElo "2493"]
[BlackElo "2530"]

1.e4 c5 2.Nf3 Nc6 3.Bb5 g6 4.Bxc6 bxc6 5.O-O Bg7 6.c3 Ba6 7.d3 d6 8.Re1 Nh6
9.d4 cxd4 10.cxd4 O-O 11.Nc3 f6 12.b3 Qa5 13.Bb2 Nf7 14.Qc2 Rac8 15.Rad1 Rfe8
16.Qb1 Rb8 17.h3 Bc8 18.Ne2 Ng5 19.Nd2 Nf7 20.Nf3 Ng5 21.Nd2 Nf7 22.Nf3 Ng5  1/2-1/2

[Event "20th Belgrade Trophy"]
[Site "Belgrade SRB"]
[Date "2007.11.26"]
[Round "5"]
[White "Vajic,G"]
[Black "Drobnjak,Z"]
[Result "1-0"]
[WhiteElo "2029"]
[BlackElo "2188"]

1.e4 c5 2.Nf3 Nc6 3.Bb5 d6 4.O-O Nf6 5.Re1 Bd7 6.c3 a6 7.Bf1 Bg4 8.d3 e6
9.Bg5 Be7 10.Nbd2 O-O 11.Nc4 Ne5 12.Ncxe5 dxe5 13.Bh4 Nh5 14.Bxe7 Qxe7 15.h3 Bxf3
16.Qxf3 g6 17.a3 Rac8 18.Qe3 Rc6 19.Rad1 Rd8 20.g3 Qf6 21.Be2 Ng7 22.Rf1 b6
23.f4 Rcd6 24.b4 exf4 25.Qxf4 Qxf4 26.gxf4 Ne8 27.Kf2 Nc7 28.c4 f6 29.Ke3 e5
30.fxe5 fxe5 31.bxc5 bxc5 32.Rb1 Ne6 33.Rb7 Nf4 34.Rxf4 exf4+ 35.Kxf4 R6d7
36.Rb3 Rf8+ 37.Ke3 h5 38.Rb6 Kg7 39.Rc6 Rf6 40.Rxc5 Rb7 41.a4 Rb3 42.a5 Ra3
43.Rd5 Ra1 44.e5 Rf5 45.Rd7+ Kf8 46.d4 Rxa5 47.c5 Rxc5 48.Bd3 Rc3 49.Kd2 Rxd3+
50.Kxd3 Rf3+ 51.Ke4 Rxh3 52.e6 Rh1 53.Ke5 Rb1 54.d5 h4 55.Rh7 g5 56.d6 Re1+
57.Kf6 Rf1+ 58.Kg6 Ke8 59.Rh8+ Rf8 60.d7+ Ke7 61.Rxf8  1-0

[Event "20th Belgrade Trophy"]
[Site "Belgrade SRB"]
[Date "2007.11.26"]
[Round "5"]
[White "Vujacic,Bo"]
[Black "Petrovic,ZoZ"]
[Result "1-0"]
[WhiteElo "2346"]
[BlackElo "2136"]

1.e4 c5 2.Nf3 Nc6 3.Bb5 g6 4.Bxc6 dxc6 5.d3 Bg7 6.h3 e5 7.Nc3 h6 8.Be3 b6
9.Qd2 Qe7 10.O-O Nf6 11.Nh2 Be6 12.f4 exf4 13.Rxf4 O-O-O 14.Re1 g5 15.Rf2 g4
16.hxg4 Nxg4 17.Nxg4 Bxg4 18.Ref1 Be6 19.Ne2 Be5 20.Bf4 Bg7 21.b3 Rdg8 22.Qe3 Qd7
23.Bh2 h5 24.Bf4 h4 25.e5 h3 26.g3 Rh5 27.Kh2 Bd5 28.Nc3 Bg2 29.Re1 Re8 30.Ne4 Rexe5
31.Bxe5 Bxe5 32.Nf6 Bxf6 33.Rxf6 Bd5 34.Qe7 Qxe7 35.Rxe7 a5 36.Rd6 Rf5 37.Rh6 Kd8
38.Ra7  1-0

[Event "WYb16"]
[Site "Kemer TUR"]
[Date "2007.11.26"]
[Round "9"]
[White "Qu Yanqiao"]
[Black "Kuchynka,Luk"]
[Result "0-1"]
[WhiteElo "1953"]
[BlackElo "2188"]

1.e4 c5 2.Nf3 Nc6 3.Bb5 e6 4.Bxc6 bxc6 5.d3 Ne7 6.Qe2 f6 7.e5 fxe5 8.Nxe5 d6
9.Nc4 Nf5 10.c3 Be7 11.O-O O-O 12.Re1 Qe8 13.Nbd2 Qg6 14.Nf1 e5 15.f4 Nh4
16.Ng3 Bg4 17.Qe4 Qf7 18.Ne3 Bf3 19.gxf3 d5 20.Nxd5 cxd5 21.Qe2 exf4 22.Nh1 Rae8
23.Qf2 Qh5  0-1

[Event "WYb14"]
[Site "Kemer TUR"]
[Date "2007.11.27"]
[Round "10"]
[White "Amanbaev,I"]
[Black "Calugar,A"]
[Result "0-1"]
[WhiteElo "2002"]
[BlackElo "2080"]

1.e4 c5 2.Nf3 Nc6 3.Bb5 g6 4.Bxc6 dxc6 5.d3 Bg7 6.O-O Nf6 7.Nc3 Bg4 8.h3 Bxf3
9.Qxf3 Nd7 10.Be3 e5 11.Qg3 O-O 12.f4 exf4 13.Bxf4 Re8 14.Nd1 Nf8 15.Ne3 Ne6
16.Ng4 Nd4 17.Rf2 f5 18.Nh6+ Bxh6 19.Bxh6 fxe4 20.Raf1 exd3 21.Qxd3 Nf5 22.Qb3+ Qd5
23.c4 Qe6 24.Bd2 b5 25.Re1 Qxc4 26.Qxc4+ bxc4 27.Rc1 Re4 28.Rf4 Rxf4 29.Bxf4 Nd4
30.Rxc4 Ne2+ 31.Kf2 Nxf4 32.Rxf4 Rb8 33.b3 a5 34.Ke3 Kg7 35.Kd3 h6 36.Kc3 Re8
37.Kd3 Re5 38.Ra4 Kf6 39.h4 h5 40.Rf4+ Rf5 41.Ke4 Rxf4+ 42.Kxf4 Ke6 43.Kg5 Kf7
44.Kf4 Kf6 45.a4 Ke6 46.Ke4 Kd6 47.Kd3 Kd5 48.g3 Ke5 49.Ke3 Kf5 50.Kf3 g5
51.hxg5 Kxg5 52.Kg2 h4 53.gxh4+ Kxh4 54.Kf3 Kg5 55.Ke4 Kf6 56.Kf4 Ke6 57.Ke4 Kd6
58.Kd3 Kd5 59.Kc3 c4 60.bxc4+ Kc5 61.Kb3 Kd4 62.c5 Kxc5 63.Kc3 Kd5 64.Kd3 c5
65.Kc3 c4 66.Kb2 Kd4 67.Kc2 c3 68.Kc1 Kc4 69.Kc2 Kd4 70.Kb1 Kd3 71.Ka1 Kc2
72.Ka2 Kd2 73.Kb1 c2+ 74.Kb2 c1=Q+ 75.Ka2 Qc4+ 76.Ka3 Qb4+ 77.Ka2  0-1

[Event "WYb14"]
[Site "Kemer TUR"]
[Date "2007.11.27"]
[Round "10"]
[White "Pavlidis,Ant"]
[Black "Ashiku,F"]
[Result "1-0"]
[WhiteElo "2192"]
[BlackElo "2012"]

1.e4 c5 2.Nf3 Nc6 3.Bb5 g6 4.Bxc6 bxc6 5.O-O Bg7 6.c3 d6 7.d4 cxd4 8.cxd4 Nf6
9.Nc3 O-O 10.h3 Nd7 11.Be3 Rb8 12.Qd2 c5 13.Bh6 Qb6 14.Nd5 Qd8 15.Bxg7 Kxg7
16.dxc5 Nxc5 17.Qd4+ Kg8 18.b4 e5 19.Qe3 Ne6 20.Qxa7 Bb7 21.Rfd1 Bxd5 22.exd5 Nf4
23.a3 Rc8 24.Kh2 Rc3 25.Ng1 Qf6 26.b5 Qf5 27.g3 Rxg3 28.Kxg3 Qg5+ 29.Kf3 e4+
30.Ke3 Rc8 31.h4 Nxd5+ 32.Ke2 Nc3+ 33.Kf1 Qxb5+ 34.Kg2 Nxd1 35.Rxd1 Qf5 36.Qd4 Qg4+
37.Kf1 Rc4 38.Qxd6 e3 39.Qb8+ Kg7 40.Qe5+ f6 41.Qe7+ Kh6 42.Qxe3+ Kh5 43.Rd5+ f5
44.Ne2 Kxh4 45.Qh6+ Qh5 46.Rd4+ Rxd4 47.Qxh5+ Kxh5 48.Nxd4 Kg4 49.a4  1-0

[Event "20th Belgrade Trophy"]
[Site "Belgrade SRB"]
[Date "2007.11.28"]
[Round "7"]
[White "Martic,I"]
[Black "Bozic,Mila"]
[Result "0-1"]
[WhiteElo "2304"]
[BlackElo "2435"]

1.e4 c5 2.Nf3 Nc6 3.Bb5 g6 4.Bxc6 dxc6 5.O-O Bg7 6.h3 Nf6 7.Qe2 O-O 8.d3 Ne8
9.c3 Nc7 10.Be3 b6 11.a4 e5 12.Na3 Ne6 13.Nc4 Qc7 14.b4 cxb4 15.cxb4 Nf4
16.Bxf4 exf4 17.e5 Be6 18.Rac1 Bd5 19.Rfe1 Qe7 20.Nd6 Rad8 21.d4 f6 22.b5 fxe5
23.dxe5 c5 24.Rcd1 Bb3 25.Rb1 Be6 26.Rbd1 Rd7 27.Qe4 g5 28.Rd2 g4 29.hxg4 Bxg4
30.Rd3 Kh8 31.Qd5 Be6 32.Qe4 Rc7 33.Rc3 Bh6 34.Rd1 Qg7 35.Nh2 c4 36.Kh1 Rc5
37.Nf3 Rg8 38.Rg1 Qg4 39.Nh2 Qh5 40.Qf3 Qxe5  0-1

[Event "WYb14"]
[Site "Kemer TUR"]
[Date "2007.11.28"]
[Round "11"]
[White "Skoulakis,C"]
[Black "Kazantzidis,I"]
[Result "0-1"]
[WhiteElo "1953"]
[BlackElo "2111"]

1.e4 c5 2.Nf3 Nc6 3.Bb5 g6 4.Bxc6 dxc6 5.d3 Bg7 6.O-O Nf6 7.Nc3 O-O 8.Be3 b6
9.h3 Ne8 10.Qd2 Nc7 11.Bh6 Re8 12.Bxg7 Kxg7 13.Ne5 f6 14.Ng4 Bxg4 15.hxg4 e5
16.Ne2 c4 17.Rad1 cxd3 18.cxd3 Ne6 19.f4 Nxf4 20.Nxf4 Qd4+ 21.Kh1 exf4 22.Qxf4 Qe5
23.g3 Rad8 24.Rf2 Qxf4 25.Rxf4 g5 26.Rff1 Re6 27.Kg2 Red6 28.Rf3 Rd4 29.Rdf1 R8d6
30.e5 fxe5 31.Rf7+ Kg6 32.Rf8 h6 33.Kh3 Rxd3 34.Rg8+ Kh7 35.Rff8 Rd7 36.Rh8+ Kg6
37.Re8 Rd2 38.Re6+ Kf7 39.Rhxh6 Rf2 40.Rxe5 Rd1 41.Rf5+ Rxf5 42.gxf5 Rh1+
43.Kg4 Rxh6 44.Kxg5 Rh2 45.g4 Rxb2 46.Kh5 c5  0-1

[Event "Open"]
[Site "Rijeka CRO"]
[Date "2007.11.29"]
[Round "6"]
[White "Drazic,S"]
[Black "Golubovic,B"]
[Result "1-0"]
[WhiteElo "2493"]
[BlackElo "2437"]

1.e4 c5 2.Nf3 Nc6 3.Bb5 g6 4.O-O Bg7 5.Re1 Nf6 6.Nc3 O-O 7.e5 Ne8 8.Bxc6 dxc6
9.h3 Nc7 10.d3 Ne6 11.Ne4 b6 12.Bd2 Nd4 13.Bf4 h6 14.c3 Nxf3+ 15.Qxf3 Be6
16.c4 Qd7 17.Re3 a5 18.Rae1 a4 19.g4 Ra7 20.Bg3 Qd4 21.Nc3 Qd7 22.Qe2 b5
23.Re4 Rd8 24.Rd1 Qb7 25.f4 Qb6 26.Bf2 Rad7 27.Kg2 Qa5 28.Qc2 bxc4 29.dxc4 Rxd1
30.Nxd1 Rd2 31.Qc3 Qxc3 32.Nxc3 Rc2 33.a3 h5 34.Kg3 hxg4 35.hxg4 Rxb2 36.Nxa4 Rc2
37.Nb6 Rb2 38.Bxc5 Bf8 39.a4 f5 40.exf6 exf6 41.Bxf8 Rb3+ 42.Kf2 Kxf8 43.Rxe6 Rxb6
44.Rxf6+ Kg7 45.g5 Ra6 46.Ke3 Rxa4 47.Rxc6  1-0

[Event "20th Belgrade Trophy"]
[Site "Belgrade SRB"]
[Date "2007.11.30"]
[Round "9"]
[White "Vujacic,Bo"]
[Black "Skaric,D"]
[Result "0-1"]
[WhiteElo "2346"]
[BlackElo "2208"]

1.e4 c5 2.Nf3 Nc6 3.Bb5 e6 4.Bxc6 bxc6 5.d3 Ne7 6.Qe2 Ng6 7.h4 h5 8.e5 Be7
9.Qe4 c4 10.d4 Rb8 11.Nc3 Bb7 12.Bg5 Qa5 13.O-O Ba8 14.Qe3 c5 15.Bxe7 Nxe7
16.Ne4 Nf5 17.Qf4 Rh6 18.dxc5 Rg6 19.Nfg5 Bxe4 20.Qxe4 Qxc5 21.Rfd1 f6 22.exf6 gxf6
23.Qf4 Rxb2 24.Ne4 Qc6 25.Rd2 d5 26.Nxf6+ Rxf6 27.Qe5 Kf7  0-1

[Event "Four Nations Jr Teams"]
[Site "Oslo NOR"]
[Date "2007.11.30"]
[Round "1"]
[White "Macenis,A"]
[Black "Rosberg,S"]
[Result "1/2-1/2"]
[WhiteElo "2091"]
[BlackElo "2213"]

1.e4 c5 2.Nf3 Nc6 3.Bb5 g6 4.O-O Bg7 5.Bxc6 dxc6 6.d3 e5 7.Be3 Qe7 8.h3 Nf6
9.Qd2 O-O 10.Bh6 Nh5 11.Bxg7 Kxg7 12.Nc3 Qf6 13.Qe3 b6 14.Ne2 Nf4 15.c3 g5
16.Nxf4 gxf4 17.Qe2 Qe7 18.d4 f6 19.Rfd1 Kh8 20.Kh2 Rg8 21.dxe5 fxe5 22.Qd2 Qg7
23.Rg1 Qf6 24.Rad1 Bg4 25.Qd6 Qxd6 26.Rxd6 Bxf3 27.gxf3 Rxg1 28.Kxg1 Rg8+
29.Kf1 Rg6 30.Rd8+ Rg8 31.Rd6 Rg6  1/2-1/2

[Event "Open"]
[Site "Rijeka CRO"]
[Date "2007.12.01"]
[Round "8"]
[White "Segovic,G"]
[Black "Kekic,A"]
[Result "0-1"]
[WhiteElo "2076"]
[BlackElo "2237"]

1.e4 c5 2.Nf3 Nc6 3.Bb5 g6 4.O-O Bg7 5.Bxc6 dxc6 6.d3 Nf6 7.Nc3 O-O 8.Be3 b6
9.h3 Ba6 10.Qd2 c4 11.d4 Re8 12.Bh6 Bh8 13.Rfe1 Nd7 14.e5 Nf8 15.Ng5 Bc8
16.Qf4 f6 17.e6 b5 18.Bxf8 Rxf8 19.Nf7 Qe8 20.Re3 Bg7 21.Rae1 a5 22.Qc7 f5
23.Ne5 Ra6 24.R3e2 Qd8 25.Qb8 Qxd4 26.Rd1 Bxe5 27.Rxe5 Qb6 28.Qxb6 Rxb6 29.Ne2 Kg7
30.Nd4 Kf6 31.Nf3 Bxe6 32.Rde1 Bd5 33.Rxe7 Rf7 34.Re8 Rbb7 35.Ra8 Ra7 36.Rb8 Rfe7
37.Rxe7 Rxe7 38.Nd4 Re1+ 39.Kh2 Rd1 40.c3 Rd2 41.Kg3 Rxb2 42.a4 b4 43.cxb4 axb4
44.a5 Ke5 45.Nf3+ Bxf3 46.Kxf3 b3 47.a6 Ra2 48.Rb6 Kd5 49.Ke3 Kc5 50.Rb7 Rxa6  0-1

[Event "Four Nations Jr Teams"]
[Site "Oslo NOR"]
[Date "2007.12.02"]
[Round "3"]
[White "Kalvaitis,S"]
[Black "Dyrgaard,K"]
[Result "1/2-1/2"]
[WhiteElo "2245"]
[BlackElo "2208"]

1.e4 c5 2.Nf3 Nc6 3.Bb5 g6 4.O-O Bg7 5.c3 Nf6 6.e5 Nd5 7.d4 cxd4 8.cxd4 O-O
9.Nc3 Nc7 10.Bf4 Nxb5 11.Nxb5 a6 12.Nc3 d6 13.exd6 Bg4 14.h3  1/2-1/2

[Event "Parsvnath ch-Commonwealth"]
[Site "New Delhi IND"]
[Date "2007.12.04"]
[Round "3"]
[White "Mari Arul,S"]
[Black "Adith,J"]
[Result "1-0"]
[WhiteElo "2285"]
[BlackElo "2023"]

1.e4 c5 2.Nf3 Nc6 3.Bb5 d6 4.O-O Bd7 5.c3 Nf6 6.Re1 a6 7.Bxc6 Bxc6 8.d4 cxd4
9.cxd4 e6 10.d5 Bd7 11.Nc3 e5 12.Qb3 Rb8 13.a4 b6 14.Qa3 Be7 15.Be3 Ng4 16.Bd2 h5
17.Na2 a5 18.b4 O-O 19.h3 Nh6 20.Nc3 f5 21.Bxh6 gxh6 22.Rab1 fxe4 23.Nxe4 Bf5
24.Rb3 Qd7 25.Nfd2 Kh7 26.Rf3 Qb7 27.Qd3 Bg6 28.Rg3 Bf5 29.b5 h4 30.Rf3 Bg6
31.Nc4 Rxf3 32.Qxf3 Qc7 33.Rc1 Bxe4 34.Qxe4+ Kg7 35.Rc3 Rf8 36.Qe3 Bg5 37.Qxb6 Qf7
38.Nxd6 Qxd5 39.Qb7+ Qxb7 40.Nxb7 Bd2 41.Rc7+ Kg8 42.Nd6 Bf4 43.Rc8 Rxc8
44.Nxc8 e4 45.Ne7+ Kf7 46.Nd5 Be5 47.Kf1 Ke6 48.Ne3 Kd7 49.Ke2 h5 50.Kd2 Kc7
51.Kc2 Bd4 52.Kb3  1-0

[Event "Parsvnath ch-Commonwealth"]
[Site "New Delhi IND"]
[Date "2007.12.05"]
[Round "5"]
[White "Girinath,P"]
[Black "Kiran,M"]
[Result "1/2-1/2"]
[WhiteElo "2448"]
[BlackElo "2263"]

1.e4 c5 2.Nf3 Nc6 3.Bb5 e6 4.O-O Nge7 5.b3 a6 6.Bxc6 bxc6 7.Ba3 Ng6 8.d4 cxd4
9.Bxf8 Rxf8 10.Qxd4 Qf6 11.e5 Qf4 12.Qc5 f6 13.Nbd2 Nxe5 14.Nxe5 Qxe5 15.Qxe5 fxe5
16.Nc4 e4 17.Nd6+ Ke7 18.Rad1 a5 19.Rfe1 a4 20.b4 Rf4 21.g3 Rf3 22.Rxe4 Ba6
23.c4 Rb8 24.c5 Rc3 25.Nf5+ Kf8 26.Ne3 Bd3 27.Rd4 Be2 28.Re1 e5 29.Rxd7 Bf3
30.Nf5 Rxb4 31.Nd6 e4 32.Rf7+ Kg8 33.Re7 h6 34.Nxe4 Bxe4 35.R1xe4 Rxe4 36.Rxe4 Ra3
37.Re6 Rxa2 38.Rxc6 Rc2 39.Ra6 Rxc5 40.Rxa4 h5 41.Kg2 Kh7 42.Ra6 Rc2 43.Re6 Ra2
44.h4 Rb2 45.Kf3 Rb3+ 46.Kf4 Rb4+ 47.Re4 Rb2 48.f3 Kh6 49.Re6+ g6 50.g4 hxg4
51.fxg4 Rb4+ 52.Re4 Rb5 53.Ra4 Rc5 54.Ke4 Rb5 55.Kd4 Rb1 56.Ke5 Rh1 57.Kf6 Rf1+
58.Ke6 Re1+ 59.Kf7 Rf1+ 60.Kg8 Rh1 61.g5+ Kh5 62.Kg7 Rb1 63.Rf4 Rb7+ 64.Kg8 Rb8+
65.Kg7 Rb7+ 66.Rf7 Rb6 67.Kh7 Rb5 68.Rf4 Rb7+ 69.Kg8 Rb8+ 70.Kg7 Rg8+  1/2-1/2

[Event "Open"]
[Site "Ascona SUI"]
[Date "2007.12.06"]
[Round "6"]
[White "Colmenares,A"]
[Black "De Lagontrie,J"]
[Result "1-0"]
[WhiteElo "2237"]
[BlackElo "1958"]

1.e4 c5 2.Nf3 Nc6 3.Bb5 g6 4.O-O Bg7 5.Re1 Nf6 6.e5 Nd5 7.Nc3 Nc7 8.Bxc6 dxc6
9.Ne4 Ne6 10.d3 O-O 11.Be3 b6 12.Qd2 f6 13.Bh6 a5 14.h4 Nd4 15.Nxd4 cxd4
16.Bxg7 Kxg7 17.exf6+ exf6 18.Qf4 c5 19.Nd6 Ra7 20.Qg3 Kh8 21.Nxc8 Qxc8 22.Qd6 Qb8
23.Qc6 Qc7 24.Re6 Qxc6 25.Rxc6 Rb7 26.Re1 f5 27.Ree6 Rfb8 28.Kf1 Kg7 29.Ke2 Kf7
30.h5 Re7 31.hxg6+ hxg6 32.Rxe7+ Kxe7 33.Rxg6 Kf7 34.Rc6 Ke7 35.Kf3 Kf7 36.g3 a4
37.Kf4 Re8 38.Kxf5 Re2 39.f4 Rxc2 40.Rxb6 a3 41.Rb7+ Ke8 42.bxa3 Rxa2 43.Rb3 Re2
44.g4 Re3 45.a4 c4 46.Rb8+ Kd7 47.Rb4 Rxd3 48.Rxc4 Rg3 49.g5 d3 50.Rd4+  1-0

[Event "Open"]
[Site "Ascona SUI"]
[Date "2007.12.06"]
[Round "6"]
[White "Stojanovic,An"]
[Black "Libiszewski,F"]
[Result "1-0"]
[WhiteElo "2274"]
[BlackElo "2486"]

1.e4 c5 2.Nf3 Nc6 3.Bb5 e6 4.O-O Nge7 5.Re1 a6 6.Bf1 d5 7.exd5 Nxd5 8.d4 Nf6
9.Be3 cxd4 10.Nxd4 Nxd4 11.Qxd4 Qxd4 12.Bxd4 Bd7 13.a4 Bc6 14.Nd2 Be7 15.Nc4 O-O
16.a5 Bb5 17.Nb6 Rad8 18.Red1 Bxf1 19.Kxf1 Nd5 20.Nxd5 Rxd5 21.c4 Rd6 22.Bb6 f6
23.c5 Rd5 24.Rxd5 exd5 25.Rd1 Kf7 26.Rxd5 Ke6 27.Rd3 Rc8 28.b4 f5 29.Ke2 h5
30.Re3+ Kf6 31.Kd3 f4 32.Re4 g5 33.Kd4 Bf8 34.Kd5 Be7 35.Re6+ Kf7 36.Rh6 h4
37.Ke5 Kg7 38.Re6 Kf7 39.Rh6 Kg7 40.Re6 Kf7 41.Kf5 Rf8 42.h3 Ke8+ 43.Ke5 Kd7
44.c6+ bxc6 45.Rxe7+ Kxe7 46.Bc5+ Kf7 47.Bxf8 Kxf8 48.Kd6 g4 49.f3  1-0

[Event "Parsvnath ch-Commonwealth"]
[Site "New Delhi IND"]
[Date "2007.12.07"]
[Round "7"]
[White "Eshwanth,D"]
[Black "Ganesh,Ba"]
[Result "0-1"]
[WhiteElo "1801"]
[BlackElo "2089"]

1.e4 c5 2.Nf3 Nc6 3.Bb5 g6 4.c3 Bg7 5.O-O Nf6 6.Re1 O-O 7.d3 a6 8.Ba4 b5
9.Bc2 d6 10.h3 e5 11.Nh2 d5 12.Be3 Be6 13.a4 b4 14.Nd2 Rb8 15.Qe2 Nh5 16.Ndf1 Nf4
17.Qd2 Qf6 18.Ng3 h5 19.Ne2 Bh6 20.Kh1 g5 21.Ng3 h4 22.Ne2 Ne7 23.d4 bxc3
24.bxc3 cxd4 25.cxd4 Rfc8 26.Bd1 Rb4 27.f3 Rcb8 28.dxe5 dxe4 29.Bc5 Rb2 30.Qd6 Neg6
31.Ng4 Qg7 32.Nxh6+ Qxh6  0-1